[Event "Int. Stuttgarter Stadtmeisterschaft A"]
[Site "Ditzingen"]
[Date "2013.05.12"]
[Round "7.6"]
[White "Ortmann, David"]
[Black "Khadempour, Farhad"]
[Result "1-0"]
[WhiteElo "2302"]
[BlackElo "2161"]
[PlyCount "93"]
[EventDate "2013.??.??"]
[WhiteTeam "SC Böblingen 1975 e.V."]
[BlackTeam "SV Tübingen 1870 e.V."]

1. Nf3 c5 2. c4 Nf6 3. Nc3 d5 4. cxd5 Nxd5 5. d4 Nxc3 6. bxc3 cxd4 7. cxd4 e5
8. e4 exd4 9. Bb5+ Bd7 10. Bc4 Bb4+ 11. Bd2 Bxd2+ 12. Qxd2 O-O 13. O-O Nc6 14.
Nxd4 Nxd4 15. Qxd4 Bc6 16. Bd5 Bxd5 17. exd5 Qd6 18. Rfd1 Rfd8 19. Rd3 Rd7 20.
Rad1 b6 21. h4 Re8 22. g3 Rc7 23. a3 h5 24. Qb4 Rc5 25. a4 Re5 26. Qf4 f6 27.
Kg2 a5 28. Re3 b5 29. axb5 Rxb5 30. Rxe5 fxe5 31. Qc4 Rc5 32. Qa4 Kf7 33. Qe4
g6 34. Rd3 Kg7 35. Kh2 Rb5 36. Qc4 Rc5 37. Qb3 Kh6 38. Qb7 Rc7 39. Qa8 Rf7 40.
Kg2 Qf6 41. Rd2 e4 42. d6 Rd7 43. Qe8 Qf3+ 44. Kh2 Qf5 45. Qh8+ Rh7 46. Qxh7+
Kxh7 47. d7 1-0

[Event "Int. Stuttgarter Stadtmeisterschaft A"]
[Site "Ditzingen"]
[Date "2013.05.12"]
[Round "7.7"]
[White "Löhr, Markus"]
[Black "Raupp, Thomas"]
[Result "1/2-1/2"]
[WhiteElo "2235"]
[BlackElo "2325"]
[PlyCount "65"]
[EventDate "2013.??.??"]
[WhiteTeam "SK Schmiden/Cannstatt"]
[BlackTeam "SC Eppingen"]

1. d4 d5 2. Nf3 Nf6 3. c4 c6 4. Nc3 a6 5. a4 e6 6. g3 Nbd7 7. Bg2 b6 8. O-O Bb7
9. Qc2 Be7 10. Rd1 O-O 11. e4 dxc4 12. e5 Nd5 13. Ne4 h6 14. Qxc4 c5 15. dxc5
Qc7 16. Nd6 Bxd6 17. exd6 Qxc5 18. Qxc5 Nxc5 19. Ne5 Rfd8 20. Nc4 Nb3 21. Ra3
Nxc1 22. Rxc1 Rac8 23. Raa1 a5 24. b3 Ba6 25. Rd1 Bxc4 26. bxc4 Rxc4 27. Bxd5
exd5 28. Rxd5 Rd7 29. Rb1 Rc6 30. Rbd1 f6 31. f4 g6 32. R5d4 f5 33. R1d2
1/2-1/2

[Event "Int. Stuttgarter Stadtmeisterschaft A"]
[Site "Ditzingen"]
[Date "2013.05.12"]
[Round "7.8"]
[White "Englert, Fabian"]
[Black "Schröder, Kevin"]
[Result "0-1"]
[WhiteElo "2244"]
[BlackElo "2046"]
[PlyCount "84"]
[EventDate "2013.??.??"]
[WhiteTeam "SK 1982 Klingenberg/Main"]
[BlackTeam "LSV Turm Lippstadt"]

1. e4 c5 2. Nf3 d6 3. d4 cxd4 4. Nxd4 Nf6 5. Nc3 a6 6. f4 e5 7. Nf3 Nbd7 8. a4
Qc7 9. Bd3 exf4 10. Bxf4 Ne5 11. O-O Be7 12. Kh1 O-O 13. Qe1 Be6 14. Rd1 Ng6
15. Bg3 Ng4 16. h3 N4e5 17. Nd4 Bf6 18. Nf5 Rfe8 19. Ne3 Nxd3 20. cxd3 Bxc3 21.
Qxc3 Qd7 22. Qd4 Bxh3 23. Qxd6 Rad8 24. Qxd7 Bxd7 25. a5 Ba4 26. Rd2 Rxe4 27.
Nf5 Re6 28. Rc1 Bc6 29. d4 Rd5 30. Rc5 h5 31. Rdc2 h4 32. Bf2 h3 33. Rxd5 Bxd5
34. Ne3 Be4 35. Rc8+ Kh7 36. Kh2 hxg2 37. Nxg2 Ne7 38. Rc3 Rh6+ 39. Kg1 Nf5 40.
Kf1 Rh1+ 41. Bg1 Nxd4 42. Kf2 Nf3 0-1

[Event "Int. Stuttgarter Stadtmeisterschaft A"]
[Site "Ditzingen"]
[Date "2013.05.12"]
[Round "7.9"]
[White "Kabisch, Thilo"]
[Black "Nabavi, Parwis"]
[Result "1-0"]
[WhiteElo "2264"]
[BlackElo "2139"]
[PlyCount "85"]
[EventDate "2013.??.??"]
[WhiteTeam "SK Schmiden/Cannstatt"]
[BlackTeam "SGEM Dreisamtal"]

1. e4 e5 2. Nf3 Nc6 3. Bb5 a6 4. Ba4 Nf6 5. O-O Be7 6. Re1 b5 7. Bb3 d6 8. c3
O-O 9. h3 Na5 10. Bc2 c5 11. d4 Qc7 12. d5 Bd7 13. Nbd2 Rfb8 14. b3 Nb7 15. Nf1
c4 16. Bd2 g6 17. N3h2 a5 18. Rc1 cxb3 19. axb3 Nc5 20. f4 b4 21. Nf3 Nh5 22.
fxe5 dxe5 23. cxb4 axb4 24. Ne3 Nf4 25. Kh2 f6 26. Rf1 Bb5 27. Rf2 Qa5 28. Ne1
Rc8 29. g3 Nfd3 30. Bxd3 Nxd3 31. Nxd3 Bxd3 32. Rxc8+ Rxc8 33. Qg4 Qc7 34. d6
Bxd6 35. Nd5 Qd8 36. Qe6+ Kh8 37. Rxf6 Bxe4 38. Qxd6 Bxd5 39. Qxe5 Kg8 40. Rd6
Qe8 41. Qxd5+ Qf7 42. Qxf7+ Kxf7 43. Bxb4 1-0

[Event "Int. Stuttgarter Stadtmeisterschaft A"]
[Site "Ditzingen"]
[Date "2013.05.12"]
[Round "7.10"]
[White "Aring, Gerd"]
[Black "Wenninger, Philipp"]
[Result "1-0"]
[WhiteElo "2196"]
[BlackElo "2220"]
[PlyCount "159"]
[EventDate "2013.??.??"]
[WhiteTeam "SV Nürtingen 1920"]
[BlackTeam "SC Erlangen 48/88 e.V."]

1. d4 d5 2. c4 c6 3. Nf3 Nf6 4. Nc3 a6 5. a4 e6 6. Bg5 a5 7. e3 Be7 8. Bd3 Na6
9. O-O Nb4 10. b3 b6 11. Re1 Bb7 12. Rc1 Nxd3 13. Qxd3 O-O 14. Ne5 h6 15. Bh4
Nd7 16. Bg3 Nxe5 17. Bxe5 Bd6 18. Bxd6 Qxd6 19. cxd5 exd5 20. Ne2 Rfe8 21. Nf4
Re7 22. Qc3 Rc8 23. Nd3 Rec7 24. Red1 Ba6 25. h3 Kh8 26. Rb1 Bxd3 27. Qxd3 Kg8
28. Qd2 Qb4 29. Qxb4 axb4 30. Ra1 Ra8 31. Ra2 Kf8 32. Rda1 Rca7 33. Rc1 Rc8 34.
Rca1 Ra5 35. Kf1 Ke7 36. Rc1 Kd6 37. Rac2 Ra7 38. Ke2 Rac7 39. Kd3 f5 40. f3
Rf8 41. Ra1 Ra8 42. Rac1 g6 43. Re1 Re8 44. g4 Rf8 45. gxf5 Rxf5 46. f4 Rf6 47.
Rg1 Ke6 48. h4 Kf5 49. h5 gxh5 50. Rh1 Re7 51. Rxh5+ Kg4 52. Rch2 Rfe6 53.
R2h4+ Kf3 54. Rh3+ Kf2 55. Re5 Rxe5 56. dxe5 c5 57. Rxh6 Rc7 58. Rh2+ Kg3 59.
Rc2 c4+ 60. Kd4 c3 61. e6 Kg4 62. Kxd5 Kf3 63. Kd6 Rc8 64. e7 Kxe3 65. Kd7 Rb8
66. e8=Q+ Rxe8 67. Kxe8 Kxf4 68. Kd7 Ke3 69. Kc6 Kd3 70. Rc1 Kd2 71. Rh1 c2 72.
Kxb6 Kc3 73. a5 Kxb3 74. a6 Kc3 75. a7 b3 76. a8=Q b2 77. Qa3+ Kc4 78. Qxb2 Kd3
79. Rh3+ Kc4 80. Qxc2+ 1-0

[Event "Int. Stuttgarter Stadtmeisterschaft A"]
[Site "Ditzingen"]
[Date "2013.05.12"]
[Round "7.11"]
[White "Bongartz, Philipp"]
[Black "Bräuner, Uwe"]
[Result "1/2-1/2"]
[WhiteElo "2121"]
[BlackElo "2152"]
[PlyCount "144"]
[EventDate "2013.??.??"]
[WhiteTeam "Godesberger Schachklub 1929 e.V."]
[BlackTeam "SF Pfullingen"]

1. e4 c6 2. c4 e5 3. Nf3 d6 4. d4 Nd7 5. Nc3 Ngf6 6. Be2 g6 7. O-O Bg7 8. h3
O-O 9. Be3 Re8 10. d5 c5 11. Ne1 a6 12. a3 Rb8 13. Qc2 Rf8 14. b4 b6 15. Nd3
Ne8 16. a4 a5 17. bxa5 bxa5 18. Nb5 Ra8 19. Rab1 f5 20. f3 f4 21. Bf2 Ndf6 22.
Nxc5 dxc5 23. Bxc5 Rf7 24. Ba3 Nh5 25. Rfd1 Qg5 26. Kf1 Ng3+ 27. Ke1 Nxe2 28.
Qxe2 Ba6 29. c5 Bf8 30. d6 Rd8 31. Qc2 Qg3+ 32. Qf2 Qxf2+ 33. Kxf2 Bb7 34. Bb2
Bg7 35. Bc3 Bc6 36. Bxa5 Ra8 37. Bb6 Rxa4 38. Nc3 Rc4 39. Nd5 Bf6 40. Nb4 Rxb4
41. Rxb4 Rd7 42. Ba5 Ra7 43. Rb6 Ba4 44. c6 Bd8 45. Rb8 Bh4+ 46. Ke2 Bxc6 47.
d7 Bxd7 48. Rxd7 Rxd7 49. Rxe8+ Kf7 50. Rxe5 Ra7 51. Rd5 Rb7 52. Bd2 Bg3 53.
Rd6 h6 54. Bc3 Bh4 55. Be5 Bg5 56. h4 Bxh4 57. Bxf4 Rb2+ 58. Rd2 Rxd2+ 59. Bxd2
h5 60. Kd3 Ke6 61. Bc3 Bg3 62. Bd2 Bc7 63. f4 Bb8 64. Ke3 Bc7 65. Kf3 Bd6 66.
g4 hxg4+ 67. Kxg4 Be7 68. Be1 Bc5 69. Kf3 Bb6 70. Ke2 Bc7 71. Bg3 Kf7 72. Kd3
g5 1/2-1/2

[Event "Int. Stuttgarter Stadtmeisterschaft A"]
[Site "Ditzingen"]
[Date "2013.05.12"]
[Round "7.12"]
[White "Tuncer, Ufuk"]
[Black "Wenner, Tobias"]
[Result "1/2-1/2"]
[WhiteElo "2328"]
[BlackElo "2111"]
[PlyCount "76"]
[EventDate "2013.??.??"]
[WhiteTeam "SC Bad Königshofen 1957"]
[BlackTeam "SC Eppingen"]

1. Nf3 f5 2. g3 Nf6 3. Bg2 g6 4. O-O Bg7 5. d4 O-O 6. b4 Nc6 7. c3 d5 8. a4 Ne4
9. Bf4 e6 10. Qc1 Qe7 11. Rd1 Rd8 12. Qe3 a6 13. h4 b6 14. Nbd2 Bb7 15. Rac1
Re8 16. Nb3 e5 17. dxe5 Nxe5 18. Nxe5 Bxe5 19. a5 Bxf4 20. Qxf4 Qg7 21. axb6
cxb6 22. Bxe4 Rxe4 23. Qd6 f4 24. Nd4 fxg3 25. fxg3 Qe5 26. Qxe5 Rxe5 27. Rd2
Rc8 28. Kf2 a5 29. bxa5 bxa5 30. Ra2 Re4 31. Rb1 Rf8+ 32. Kg2 Ba6 33. Rxa5 Bxe2
34. Nxe2 Rxe2+ 35. Kh3 Re3 36. Rxd5 Rxc3 37. Rb7 Rf7 38. Rxf7 Kxf7 1/2-1/2

[Event "Int. Stuttgarter Stadtmeisterschaft A"]
[Site "Ditzingen"]
[Date "2013.05.12"]
[Round "7.13"]
[White "Krockenberger, Martin"]
[Black "Gutman, Lev"]
[Result "0-1"]
[WhiteElo "2180"]
[BlackElo "2467"]
[PlyCount "56"]
[EventDate "2013.??.??"]
[WhiteTeam "SK Schmiden/Cannstatt"]
[BlackTeam "SV Lingen"]

1. c4 Nf6 2. Nc3 g6 3. g3 Bg7 4. Bg2 O-O 5. e4 Nc6 6. Nge2 a6 7. d3 Rb8 8. a4
a5 9. h3 d6 10. Bg5 Nd7 11. d4 h6 12. Be3 e5 13. d5 Nb4 14. O-O Nc5 15. Ra3 b6
16. Qd2 Kh7 17. Na2 Nxa2 18. Rxa2 f5 19. exf5 Bxf5 20. Bxc5 bxc5 21. g4 Bd7 22.
Nc3 Rb4 23. Qd3 Qg5 24. Nb5 Rf4 25. b3 e4 26. Bxe4 Bxg4 27. h4 Qxh4 28. Bxg6+
Kh8 0-1

[Event "Int. Stuttgarter Stadtmeisterschaft A"]
[Site "Ditzingen"]
[Date "2013.05.12"]
[Round "7.14"]
[White "Bergauz, Noam"]
[Black "Kvetny, Mark"]
[Result "1/2-1/2"]
[WhiteElo "1900"]
[BlackElo "2269"]
[PlyCount "80"]
[EventDate "2013.??.??"]
[WhiteTeam "SK München Südost e.V."]
[BlackTeam "Stuttgarter SF 1879"]

1. e4 c5 2. Nf3 d6 3. d4 cxd4 4. Nxd4 Nf6 5. Nc3 a6 6. h3 e6 7. g4 b5 8. Bg2
Bb7 9. O-O Nfd7 10. Re1 Be7 11. a4 b4 12. Na2 a5 13. c3 bxc3 14. Nxc3 O-O 15.
Ndb5 Nc5 16. Bf4 e5 17. Be3 Nba6 18. Qe2 Rc8 19. Red1 Qb6 20. f3 Rfd8 21. Qf2
Nb4 22. Rac1 Ba6 23. Bf1 Qb7 24. Bc4 Nxa4 25. Nxd6 Rxd6 26. Bxa6 Qxa6 27. Nxa4
Rxc1 28. Rxc1 Nd3 29. Nc5 Nxf2 30. Nxa6 Nxh3+ 31. Kg2 Ng5 32. Rc8+ Rd8 33. Rc7
Bf6 34. Rc5 a4 35. Bxg5 Bxg5 36. Rxe5 Bf6 37. Ra5 Bxb2 38. Rxa4 Be5 39. Ra2 g6
40. Nb4 Kg7 1/2-1/2

[Event "Int. Stuttgarter Stadtmeisterschaft A"]
[Site "Ditzingen"]
[Date "2013.05.12"]
[Round "7.15"]
[White "Bluma, Marcel"]
[Black "Montigel, Philipp"]
[Result "1-0"]
[WhiteElo "2109"]
[BlackElo "2144"]
[PlyCount "55"]
[EventDate "2013.??.??"]
[WhiteTeam "SC Ingersheim e.V."]
[BlackTeam "SV Stuttgart-Wolfbusch 1956 e.V."]

1. e4 e5 2. Bc4 Nf6 3. d3 Nc6 4. Nf3 Bc5 5. Be3 Bb6 6. Nbd2 O-O 7. h3 d6 8. c3
Be6 9. Bg5 a6 10. Qe2 Qe7 11. g4 Ba7 12. O-O-O Bxc4 13. Nxc4 b5 14. Ne3 Bxe3+
15. fxe3 Qe6 16. Kb1 Ne7 17. Bxf6 Qxf6 18. h4 d5 19. Ng5 c6 20. Qh2 Qd6 21. Nf3
f6 22. g5 dxe4 23. dxe4 Qc5 24. gxf6 Rxf6 25. Nxe5 Re6 26. Ng4 Rxe4 27. Nf6+
gxf6 28. Qg2+ 1-0

[Event "Int. Stuttgarter Stadtmeisterschaft A"]
[Site "Ditzingen"]
[Date "2013.05.12"]
[Round "7.16"]
[White "Ackermann, Hermann"]
[Black "Neyman, Igor"]
[Result "0-1"]
[WhiteElo "1973"]
[BlackElo "2334"]
[PlyCount "38"]
[EventDate "2013.??.??"]
[WhiteTeam "SC Pforzheim 1906"]
[BlackTeam "Stuttgarter SF 1879"]

1. d4 d5 2. c4 e6 3. Nc3 c6 4. e3 Nf6 5. Nf3 Nbd7 6. Be2 Bd6 7. O-O O-O 8. Qc2
dxc4 9. Bxc4 e5 10. Rd1 Qe7 11. h3 b5 12. Bd3 Bb7 13. a3 a6 14. Ng5 h6 15. Nf3
c5 16. dxe5 Nxe5 17. Nxe5 Bxe5 18. Ne4 Nxe4 19. f4 Bf6 0-1

[Event "Int. Stuttgarter Stadtmeisterschaft A"]
[Site "Ditzingen"]
[Date "2013.05.12"]
[Round "7.17"]
[White "Scherer, Holger"]
[Black "Probst, Alexander"]
[Result "1-0"]
[WhiteElo "2131"]
[BlackElo "1972"]
[PlyCount "85"]
[EventDate "2013.??.??"]
[WhiteTeam "SK Lauffen"]
[BlackTeam "SC Blauer Turm Bad Wimpfen"]

1. e4 e5 2. f4 exf4 3. Nf3 d5 4. exd5 Nf6 5. Bc4 Nxd5 6. O-O Be7 7. d4 Be6 8.
Bb3 O-O 9. c4 Ne3 10. Bxe3 fxe3 11. Qd3 Bg4 12. Ne5 e2 13. Re1 Bh5 14. Bc2 Bg6
15. Nxg6 hxg6 16. Nc3 Nc6 17. d5 Bc5+ 18. Kh1 Nb4 19. Qd2 Qh4 20. Ne4 Nxc2 21.
Qxc2 Bb4 22. Rxe2 f5 23. a3 Be7 24. Nd2 Bf6 25. Nf3 Qf4 26. Rae1 Kh7 27. b3
Rad8 28. Re3 g5 29. Qe2 g4 30. Ng1 g6 31. Re6 Kg7 32. Rxf6 Rxf6 33. Qe7+ Rf7
34. Qxd8 Qf2 35. Re7 Qc5 36. Re8 f4 37. Rg8+ Kh7 38. Rh8+ Kg7 39. Qg8+ Kf6 40.
Rh6 Rg7 41. Qe6+ Kg5 42. Rh8 Re7 43. h4+ 1-0

[Event "Int. Stuttgarter Stadtmeisterschaft A"]
[Site "Ditzingen"]
[Date "2013.05.12"]
[Round "7.19"]
[White "Jerie, Sven"]
[Black "Schulte, Torsten"]
[Result "1-0"]
[WhiteElo "2023"]
[BlackElo "2125"]
[PlyCount "71"]
[EventDate "2013.??.??"]
[BlackTeam "SC Eppingen"]

1. e4 e5 2. Nf3 Nc6 3. Bb5 a6 4. Ba4 Nf6 5. O-O Nxe4 6. d4 b5 7. Bb3 d5 8. dxe5
Be6 9. Nbd2 Nc5 10. c3 d4 11. Bxe6 Nxe6 12. cxd4 Ncxd4 13. a4 Be7 14. Nxd4 Nxd4
15. axb5 axb5 16. Rxa8 Qxa8 17. Qg4 Ne6 18. f4 Qd5 19. f5 Qd4+ 20. Qxd4 Nxd4
21. Ne4 Ne2+ 22. Kf2 Nxc1 23. Rxc1 Kd7 24. f6 gxf6 25. exf6 Bd8 26. g4 h6 27.
h4 Re8 28. Kf3 Re5 29. Rd1+ Kc8 30. Kf4 Re8 31. Kf5 Rg8 32. g5 hxg5 33. Nxg5
Rf8 34. h5 Rh8 35. Nxf7 Rxh5+ 36. Kg6 1-0

[Event "Int. Stuttgarter Stadtmeisterschaft A"]
[Site "Ditzingen"]
[Date "2013.05.12"]
[Round "7.20"]
[White "Schmidt, Tobias"]
[Black "Scharping, Hans-Martin"]
[Result "1/2-1/2"]
[WhiteElo "1924"]
[BlackElo "2120"]
[PlyCount "49"]
[EventDate "2013.??.??"]
[WhiteTeam "SC Tamm 74"]
[BlackTeam "SC Pforzheim 1906"]

1. e4 Nc6 2. d4 d5 3. Nc3 dxe4 4. d5 Ne5 5. Bf4 Ng6 6. Bg3 a6 7. h4 h5 8. Nxe4
Bf5 9. Nc3 Qd7 10. Be2 Nf6 11. Bf3 e5 12. dxe6 Qxe6+ 13. Qe2 c6 14. O-O-O Be7
15. Nh3 Qxe2 16. Nxe2 Bg4 17. Bxg4 Nxg4 18. Nhf4 Nxf4 19. Nxf4 Rd8 20. Rhe1
Rxd1+ 21. Kxd1 Kd8 22. Nd3 Re8 23. Ne5 Nxe5 24. Rxe5 g6 25. Ke2 1/2-1/2

[Event "Int. Stuttgarter Stadtmeisterschaft A"]
[Site "Ditzingen"]
[Date "2013.05.12"]
[Round "7.21"]
[White "Scheeff, Volker"]
[Black "Gheng, Simona"]
[Result "1-0"]
[WhiteElo "2109"]
[BlackElo "2025"]
[PlyCount "95"]
[EventDate "2013.??.??"]
[WhiteTeam "SK Schmiden/Cannstatt"]
[BlackTeam "TSV Schönaich"]

1. e4 d6 2. d4 Nf6 3. Nc3 g6 4. f4 Bg7 5. Nf3 O-O 6. Bd3 c5 7. dxc5 dxc5 8. e5
Nd5 9. Nxd5 Qxd5 10. Qe2 Nc6 11. Be4 Qd8 12. Be3 Qa5+ 13. c3 a6 14. Qc4 Bh6 15.
g3 Bg4 16. Qxc5 Qa4 17. Nd4 Nxd4 18. Qxd4 Qb5 19. c4 Qb4+ 20. Bd2 Qa4 21. b3
Qa3 22. O-O Rad8 23. Qf2 Rd7 24. Be3 Rc8 25. Kg2 b5 26. h3 Bf5 27. Bxf5 gxf5
28. c5 Qb4 29. Qc2 e6 30. Rfd1 Rxd1 31. Rxd1 Bf8 32. c6 Qa5 33. Rd7 b4 34. g4
Qb5 35. gxf5 Rxc6 36. Qd1 exf5 37. Qd3 Qxd3 38. Rxd3 Rc2+ 39. Rd2 Rxd2+ 40.
Bxd2 Bc5 41. Kf3 f6 42. exf6 Kf7 43. Be3 Bxe3 44. Kxe3 Kxf6 45. Kd4 Ke6 46. Kc5
a5 47. h4 h5 48. Kc6 1-0

[Event "Int. Stuttgarter Stadtmeisterschaft A"]
[Site "Ditzingen"]
[Date "2013.05.12"]
[Round "7.22"]
[White "Zikeli, Saskia"]
[Black "Kammer, Christoph"]
[Result "1-0"]
[WhiteElo "2109"]
[BlackElo "1968"]
[PlyCount "63"]
[EventDate "2013.??.??"]
[WhiteTeam "SC Ingersheim e.V."]
[BlackTeam "TSV Nittenau"]

1. e4 c5 2. Nf3 d6 3. d4 cxd4 4. Nxd4 Nf6 5. Nc3 g6 6. Be3 Bg7 7. f3 O-O 8. Qd2
Nc6 9. Bc4 Bd7 10. O-O-O Rb8 11. h4 Na5 12. Bb3 b5 13. Kb1 Nc4 14. Bxc4 bxc4
15. Ka1 h5 16. Nde2 Qa5 17. Bd4 Qb4 18. Rb1 Rfc8 19. Rhd1 Qb7 20. e5 Ne8 21.
exd6 e5 22. Be3 Rc6 23. Ne4 Rbc8 24. g4 hxg4 25. fxg4 Ra6 26. Nc5 Rxc5 27. Bxc5
Qc6 28. Qd5 Qa4 29. Nc3 Qxc2 30. Qb7 e4 31. Rbc1 Bc8 32. Qxa6 1-0

[Event "Int. Stuttgarter Stadtmeisterschaft A"]
[Site "Ditzingen"]
[Date "2013.05.12"]
[Round "7.23"]
[White "Capelja, Christian"]
[Black "Wettengel, Alexander"]
[Result "1-0"]
[WhiteElo "1969"]
[BlackElo "2096"]
[PlyCount "113"]
[EventDate "2013.??.??"]
[WhiteTeam "SpVgg Rommelshausen"]
[BlackTeam "Stuttgarter SF 1879"]

1. e4 e5 2. Nf3 Nc6 3. Bb5 a6 4. Ba4 Nf6 5. d3 b5 6. Bb3 Be7 7. O-O O-O 8. c3
d6 9. Nbd2 Na5 10. Bc2 c5 11. Re1 Qc7 12. Nf1 Be6 13. Ng5 d5 14. exd5 Bxd5 15.
Ne3 Bb7 16. Nf5 Rfe8 17. Nxe7+ Rxe7 18. Ne4 Nxe4 19. dxe4 Re6 20. Qe2 Rg6 21.
f3 Rd8 22. b3 Nc6 23. a3 b4 24. axb4 cxb4 25. c4 Nd4 26. Qf2 Qb6 27. Be3 Qf6
28. Bxd4 Rxd4 29. Rad1 Qd8 30. Rxd4 exd4 31. Rd1 Rd6 32. e5 Rd7 33. Bf5 Re7 34.
Qxd4 Qxd4+ 35. Rxd4 g6 36. Rd7 Rxe5 37. Rxb7 gxf5 38. Rxb4 Re2 39. Ra4 Rb2 40.
b4 Kf8 41. h4 Ke7 42. Kh2 f4 43. h5 h6 44. c5 Kd7 45. Kh3 Ke7 46. Rxa6 Rxb4 47.
Rxh6 Rc4 48. Kg4 Rc2 49. Kxf4 Rxg2 50. Ra6 Rc2 51. c6 Rc4+ 52. Kf5 Rc5+ 53. Kg4
Rc1 54. Kg5 Rc5+ 55. Kh6 Rc3 56. Ra7+ Kf6 57. c7 1-0

[Event "Int. Stuttgarter Stadtmeisterschaft A"]
[Site "Ditzingen"]
[Date "2013.05.12"]
[Round "7.24"]
[White "Sand, Rolf"]
[Black "von Zimmermann, Georg"]
[Result "0-1"]
[WhiteElo "1963"]
[BlackElo "2070"]
[PlyCount "42"]
[EventDate "2013.??.??"]
[WhiteTeam "SV Tübingen 1870 e.V."]
[BlackTeam "MSA Zugzwang 82 e.V."]

1. c4 e5 2. g3 c5 3. Bg2 Nc6 4. Nc3 d6 5. e3 g6 6. Nge2 Bg7 7. b3 Nge7 8. Bb2
O-O 9. O-O Bf5 10. d3 Qd7 11. Nd5 Bh3 12. Nec3 Bxg2 13. Kxg2 f5 14. f4 exf4 15.
gxf4 Nxd5 16. cxd5 Ne7 17. Qf3 g5 18. fxg5 Ng6 19. Qh3 Qe7 20. Rxf5 Rxf5 21.
Qxf5 Nh4+ 0-1

[Event "Int. Stuttgarter Stadtmeisterschaft A"]
[Site "Ditzingen"]
[Date "2013.05.12"]
[Round "7.25"]
[White "Pfeifer, Wilfried"]
[Black "Koch, Martin"]
[Result "1/2-1/2"]
[WhiteElo "2050"]
[BlackElo "1876"]
[PlyCount "35"]
[EventDate "2013.??.??"]
[WhiteTeam "TSF Ditzingen"]
[BlackTeam "SC Schachmatt Botnang"]

1. f4 Nf6 2. Nf3 g6 3. g3 Bg7 4. Bg2 d5 5. O-O O-O 6. d3 c5 7. Qe1 Nc6 8. c3
Qd6 9. Na3 a6 10. e4 dxe4 11. dxe4 Qc7 12. Nh4 e5 13. f5 Ne7 14. fxg6 fxg6 15.
h3 Be6 16. Be3 Rad8 17. Qe2 b5 18. b3 1/2-1/2

[Event "Int. Stuttgarter Stadtmeisterschaft A"]
[Site "Ditzingen"]
[Date "2013.05.12"]
[Round "7.26"]
[White "Schmidt, Markus"]
[Black "Keller, Harald"]
[Result "0-1"]
[WhiteElo "1894"]
[BlackElo "2049"]
[PlyCount "108"]
[EventDate "2013.??.??"]
[WhiteTeam "Stuttgarter SF 1879"]
[BlackTeam "SV Rottweil"]

1. e4 Nf6 2. e5 Nd5 3. d4 d6 4. Nf3 Nb6 5. a4 a5 6. Be3 g6 7. Bb5+ c6 8. Bd3
Bg7 9. c3 O-O 10. O-O Bg4 11. exd6 Qxd6 12. h3 Bxf3 13. Qxf3 N8d7 14. Nd2 e5
15. Ne4 Qd5 16. Nd2 Qxf3 17. Nxf3 exd4 18. Bxd4 Bxd4 19. Nxd4 Nc5 20. Bc2 Rfe8
21. b3 Nd5 22. c4 Nb4 23. Bd1 Rad8 24. Nf3 Kf8 25. Re1 Rxe1+ 26. Nxe1 Rd2 27.
Rb1 Ne4 28. Bg4 f5 29. Bf3 Nxf2 30. Kf1 Kf7 31. Be2 Ne4 32. Nf3 Ng3+ 33. Kf2
Ne4+ 34. Kf1 Rxe2 35. Kxe2 Nc3+ 36. Ke3 Nxb1 37. Ng5+ Kf6 38. Nxh7+ Ke5 39. Ng5
f4+ 40. Kf3 Nd2+ 41. Kg4 Nxb3 42. Nf7+ Kf6 43. Nd6 Nc5 44. Kxf4 Nbd3+ 45. Ke3
Nb2 46. Kd4 Nbxa4 47. h4 Ne6+ 48. Ke3 Nac5 49. g4 a4 50. Kd2 Ke5 51. Nf7+ Kd4
52. h5 gxh5 53. gxh5 Nf8 54. Nd6 Ne4+ 0-1

[Event "Int. Stuttgarter Stadtmeisterschaft A"]
[Site "Ditzingen"]
[Date "2013.05.12"]
[Round "7.27"]
[White "Dimitriadis, Pavlos"]
[Black "Büter, Norbert"]
[Result "0-1"]
[WhiteElo "1871"]
[BlackElo "2048"]
[PlyCount "60"]
[EventDate "2013.??.??"]
[WhiteTeam "SV Reutlingen"]
[BlackTeam "SpVgg Rommelshausen"]

1. g3 d6 2. Bg2 g6 3. Nf3 Bg7 4. O-O e5 5. d3 Nc6 6. c4 Nge7 7. Nc3 O-O 8. Rb1
Bg4 9. Bd2 Qd7 10. b4 Bh3 11. b5 Nd4 12. e3 Bxg2 13. Kxg2 Ne6 14. Nd5 f5 15.
Qc2 g5 16. h4 g4 17. Ng5 Nd8 18. f3 h6 19. fxg4 hxg5 20. hxg5 c6 21. bxc6 bxc6
22. gxf5 Nxf5 23. Nf6+ Bxf6 24. gxf6 Rxf6 25. Rf3 Qg7 26. Rh1 Ne6 27. d4 Raf8
28. Rh5 Nfxd4 29. Rxf6 Nxc2 30. Rxe6 Rf2+ 0-1

[Event "Int. Stuttgarter Stadtmeisterschaft A"]
[Site "Ditzingen"]
[Date "2013.05.12"]
[Round "7.28"]
[White "Bissbort, Julian"]
[Black "Ivanov, Alexander"]
[Result "1-0"]
[WhiteElo "2034"]
[BlackElo "1910"]
[PlyCount "53"]
[EventDate "2013.??.??"]
[WhiteTeam "Heilbronner SV"]
[BlackTeam "SV Rottweil"]

1. e4 c5 2. c3 b6 3. d4 Bb7 4. Nd2 cxd4 5. cxd4 Nf6 6. Bd3 Nc6 7. Ngf3 e6 8. e5
Nd5 9. Ne4 d6 10. Bg5 Qd7 11. O-O h6 12. Bh4 Nf4 13. Bb5 a6 14. Ba4 d5 15. Nc3
Bb4 16. Rc1 Ng6 17. Bg3 b5 18. Bc2 Nge7 19. Ne2 Ba5 20. Nf4 Bb6 21. Nh5 O-O 22.
Bf4 Qc7 23. Qd2 Ba5 24. Qe3 Nf5 25. Bxf5 exf5 26. Nh4 Kh8 27. Bxh6 1-0

[Event "Int. Stuttgarter Stadtmeisterschaft A"]
[Site "Ditzingen"]
[Date "2013.05.12"]
[Round "7.29"]
[White "Jurasin, Marin"]
[Black "Zeller, Elisa"]
[Result "1/2-1/2"]
[WhiteElo "2034"]
[BlackElo "1896"]
[PlyCount "106"]
[EventDate "2013.??.??"]
[WhiteTeam "SG Schönbuch"]
[BlackTeam "SF Deizisau"]

1. c4 c5 2. g3 Nf6 3. Bg2 g6 4. e3 Bg7 5. d4 O-O 6. Nc3 Na6 7. Nge2 d6 8. O-O
Nc7 9. a3 Rb8 10. b4 b6 11. Rb1 Be6 12. d5 Bd7 13. e4 Nh5 14. Be3 f5 15. Qd2
Nf6 16. bxc5 dxc5 17. e5 Ng4 18. e6 Nxe3 19. Qxe3 Bc8 20. a4 Ba6 21. Nb5 Bxb5
22. axb5 Ne8 23. h3 Nd6 24. Qd3 Qc8 25. Nc3 Rd8 26. Rb3 a5 27. bxa6 Qxa6 28.
Nb5 Nxb5 29. Rxb5 Rd6 30. Rfb1 Bd4 31. Bf1 Qa2 32. Be2 Kg7 33. Kg2 Qa7 34. Qf3
Rf8 35. Qb3 Rb8 36. h4 Qc7 37. h5 Rf8 38. hxg6 hxg6 39. Rxb6 Rxb6 40. Qxb6 Qxb6
41. Rxb6 Be5 42. Ra6 Rb8 43. f4 Bd6 44. Bd1 Rb4 45. Ba4 Rb8 46. Bb5 Kf6 47. Kf3
Rh8 48. Ra2 Rg8 49. Rh2 Kg7 50. g4 Rf8 51. Rg2 Kh6 52. Ba4 fxg4+ 53. Rxg4 g5
1/2-1/2

[Event "Int. Stuttgarter Stadtmeisterschaft A"]
[Site "Ditzingen"]
[Date "2013.05.12"]
[Round "7.30"]
[White "Schömbs, Oliver"]
[Black "Gentner, Markus"]
[Result "1/2-1/2"]
[WhiteElo "1870"]
[BlackElo "2028"]
[PlyCount "107"]
[EventDate "2013.??.??"]
[WhiteTeam "SC Ingersheim e.V."]
[BlackTeam "SC Murrhardt 1948 e.V."]

1. e4 c6 2. c4 d5 3. cxd5 cxd5 4. exd5 Nf6 5. Nc3 g6 6. Bc4 Bg7 7. Nf3 Nbd7 8.
d6 O-O 9. dxe7 Qxe7+ 10. Qe2 Qc5 11. d4 Qh5 12. Ng5 Nb6 13. Bb3 Bg4 14. f3 Rae8
15. Be3 Bd7 16. Kf2 Re7 17. Rae1 h6 18. Nxf7 Rfxf7 19. Bxf7+ Kxf7 20. Qc2 Kg8
21. Bf4 Rxe1 22. Rxe1 Qh4+ 23. Bg3 Qxd4+ 24. Kf1 Bf5 25. Ne4 Nfd5 26. Bf2 Qxb2
27. Qxb2 Bxb2 28. Bxb6 Nxb6 29. Nd6 Bd3+ 30. Kf2 Ba6 31. f4 Nd5 32. f5 Ba3 33.
Re6 Nf4 34. Re8+ Kg7 35. Re7+ Kf6 36. Rf7+ Ke5 37. fxg6 Nxg6 38. Nxb7 Bc4 39.
Rf3 Bb2 40. Kg3 Bd5 41. Rf2 Bd4 42. Re2+ Kf6 43. Na5 Be5+ 44. Kf2 Nf4 45. Rc2
Nxg2 46. Nc6 Bxh2 47. Nxa7 Bf4 48. Nc6 Ne3 49. Rc5 Ng4+ 50. Ke2 Bxa2 51. Nb4
Be6 52. Nd5+ Bxd5 53. Rxd5 Ne5 54. Rxe5 1/2-1/2